00608 2200181 4500245005600000020002200056250001200078100002900090700002400119650002000143005001900163260003800182041001400220084000800234300002900242500014600271336000900417 aAyat - Ayat Cinta 2cHabiburrahman El ShirazyhText a978-602-0822-15-0 aCet. 11 aHabiburrahman El Shirazy aSyahruddin El-Fikri aNovel Indonesia a20231005081215 aJakartabRepublika Penerbitc2016 aIndonesia a813 avi, 698 hlm. :c20.5 cm. a''ayat-ayat cinta 2 ini adalah karya sastra racikan kang abik yang mengejutkan. Lebih berani dan dinamis. Tapi tetap sarat makna dan pesan.'' atext